Guess the Minecraft Horror Entity from the Picture: Part III - Statistics

General Stats
  • This quiz has been taken 15 times
  • The average score is 6 of 16
Answer Stats
Picture Answer % Correct
Slender Man
88%
Null
50%
Cave Prowler
38%
Dweller Queen
38%
Eyes in the Darkness
38%
Jawed Dweller
38%
Kim Dweller
38%
Meat Dweller
38%
Rosemary
38%
Sasquatch
38%
The Tortured
38%
The Whistling Man
38%
The White Dweller
38%
Mothman
25%
The Man That Can Mimic
25%
Unknown Entity
25%
No matching quizzes found
Score Distribution
Percent of People with Each Score
Percentile by Number Answered
Your Score History
You have not taken this quiz